All Milan zones - Statistics

General Stats
  • This quiz has been taken 5 times
  • The average score is 13 of 98
Answer Stats
Answer % Correct
Porta venezia
100%
Brera
67%
Gallaratese
67%
Porta genova
67%
Porta romana
67%
Quartiere triennale 8 (QT8)
67%
San Siro
67%
Bicocca
33%
Bovisa
33%
Centrale
33%
Chiesa rossa
33%
Città studi
33%
Corvetto
33%
Crescenzago
33%
Ghisolfa
33%
Gorla
33%
Gratosoglio
33%
Greco
33%
Isola
33%
Lambrate
33%
Lampugnano
33%
Lorenteggio
33%
NIguarda
33%
Ortica
33%
Porta garibaldi
33%
Precotto
33%
Rogoredo
33%
Santa Giulia
33%
Taliedo
33%
Turro
33%
Acquabella
0%
Affori
0%
Arzaga
0%
Baggio
0%
Barona
0%
Boffalora
0%
Bovisasca
0%
Bruzzano
0%
Bullona
0%
Cagnola
0%
Calvairate
0%
Cascina gobba
0%
Cascina merlata
0%
Casoretto
0%
Castello
0%
Centro storico
0%
Certosa
0%
Chiaravalle
0%
Cimiano
0%
Cinque vie
0%
Comasina
0%
Dergano
0%
Fiera
0%
Figino
0%
Forlanini
0%
Forze armate
0%
Guastalla
0%
La Maddalena
0%
Loreto
0%
Macconago
0%
Maggiolina
0%
Monluè
0%
Montalbino
0%
Morivione
0%
Morsenchio
0%
Muggiano
0%
Musocco
0%
Navigli
0%
Nolo
0%
Nosedo
0%
Ponte lambro
0%
Porta Lodovica
0%
Porta magenta
0%
Porta monforte
0%
Porta nuova
0%
Porta ticinese
0%
Porta vercellina
0%
Porta volta
0%
Portello
0%
Prato centenario
0%
Quarto cagnino
0%
Quarto oggiaro
0%
Quinto romano
0%
Quintosole
0%
Ronchetto delle rane
0%
Ronchetto sul naviglio
0%
Roserio
0%
Rottole
0%
San Cristoforo
0%
Scalo farini
0%
Sella nuova
0%
Selvanesco
0%
Sempione
0%
Senavra
0%
Trenno
0%
Vaiano valle
0%
Vigentino
0%
Villlapizzone
0%
No matching quizzes found
Score Distribution
Percent of People with Each Score
Percentile by Number Answered
Your Score History
You have not taken this quiz